| 000 | 00639 a2200217 4500 | ||
|---|---|---|---|
| 001 | 126293 | ||
| 020 | _a9781550370386 | ||
| 040 | _cEscola Canadense de Niteroi | ||
| 090 | _aP3 - MUN | ||
| 100 | _aMunsch, Robert | ||
| 245 | 1 | 0 | _aPigs |
| 260 | _aRichmond Hill | ||
| 300 |
_a32 p. _c8 x 0.25 x 8 inches |
||
| 362 | 0 | _a1989 | |
| 490 | 0 | _aMunsch for Kids | |
| 520 | _a“Hey you dumb pigs!” When Megan lets all of the pigs out of the pen, they start to take over, and show her that they may not be so dumb after all. | ||
| 650 | 4 | _aChildren's Literature | |
| 650 | 4 | _aHumorous stories | |
| 650 | 4 | _aFarm Animals | |
| 942 | _cBK | ||
| 999 |
_c126293 _d126293 |
||